[Event "GER-ch 2014-C-V5 serv"]
[Site "GER email"]
[Date "2014.07.08"]
[Round "?"]
[White "Hansen, Heinz"]
[Black "Schulze, Guenter"]
[Result "1/2-1/2"]
[WhiteElo "1816"]
[BlackElo "1938"]
[PlyCount "51"]
[EventDate "2014.07.10"]
[EventType "tourn (corr)"]
[EventRounds "6"]
[EventCountry "GER"]
[SourceTitle "Corr 2015"]
[Source "ChessBase"]
[SourceDate "2015.07.17"]
[SourceVersion "1"]
[SourceVersionDate "2015.07.17"]
[SourceQuality "1"]

1. d4 Nf6 2. c4 e6 3. Nc3 Bb4 4. e3 0-0 5. Bd3 d5 6. Nf3 c5 7. 0-0 dxc4 8. Bxc4 cxd4 9. exd4 a6 10. a4 Nc6 11. Bg5 h6 12. Bh4 Be7 13. Qd2 b6 14. Rfd1 Bb7 15. Ne5 Qc7 16. Qe2 Rfd8 17. Bxf6 Bxf6 18. Nxc6 Bxc6 19. d5 Bxc3 20. dxc6 Be5 21. Bxa6 Rxd1+ 22. Rxd1 Qxc6 23. b3 Bf6 24. Qc4 Qxc4 25. Bxc4 Rd8 26. Rxd8+ 1/2-1/2

[Event "GER-ch 2014-C-V5 serv"]
[Site "GER email"]
[Date "2014.07.08"]
[Round "?"]
[White "Schulze, Guenter"]
[Black "Voigt, Detlev"]
[Result "1/2-1/2"]
[WhiteElo "1895"]
[BlackElo "1757"]
[PlyCount "58"]
[EventDate "2014.07.10"]
[EventType "tourn (corr)"]
[EventRounds "6"]
[EventCountry "GER"]
[SourceTitle "Corr 2020"]
[Source "ChessBase"]
[SourceDate "2019.09.30"]
[SourceVersion "1"]
[SourceVersionDate "2019.09.30"]
[SourceQuality "1"]

1. d4 Nf6 2. c4 g6 3. Nc3 Bg7 4. e4 d6 5. Nf3 0-0 6. Be2 e5 7. 0-0 Nc6 8. d5 Ne7 9. b4 Nh5 10. Re1 f5 11. Ng5 Nf6 12. Bf3 c6 13. Bb2 h6 14. Ne6 Bxe6 15. dxe6 fxe4 16. Nxe4 Nxe4 17. Rxe4 d5 18. cxd5 cxd5 19. Rxe5 Bxe5 20. Bxe5 Qb6 21. Bb2 Rad8 22. Qd2 Qxe6 23. Re1 Qf7 24. Qxh6 d4 25. Rxe7 Qxe7 26. Qxg6+ Qg7 27. Qe6+ Kh8 28. Qh3+ Kg8 29. Qe6+ Kh8 1/2-1/2

[Event "GER-ch 2014-A-V3 serv"]
[Site "GER email"]
[Date "2014.02.14"]
[Round "?"]
[White "Schulze, Guenter"]
[Black "Voigt, Detlev"]
[Result "0-1"]
[WhiteElo "1940"]
[BlackElo "1669"]
[PlyCount "108"]
[EventDate "2014.02.24"]
[EventType "tourn (corr)"]
[EventRounds "6"]
[EventCountry "GER"]
[SourceTitle "Corr 2020"]
[Source "ChessBase"]
[SourceDate "2019.09.30"]
[SourceVersion "1"]
[SourceVersionDate "2019.09.30"]
[SourceQuality "1"]

1. d4 Nf6 2. c4 e6 3. Nc3 Bb4 4. Bd2 0-0 5. e3 b6 6. Nf3 Bb7 7. Rc1 d6 8. Bd3 e5 9. d5 Nbd7 10. Bb1 a5 11. Qe2 Nc5 12. 0-0 Bxc3 13. Bxc3 Nfe4 14. Bxe4 Nxe4 15. Nd2 Nxc3 16. Rxc3 Qe7 17. f4 exf4 18. Rxf4 Rae8 19. Qf3 Bc8 20. Nb3 f5 21. Qg3 Qf6 22. Nd4 Rf7 23. Qf2 Bd7 24. Rc1 g5 25. Rf3 Re4 26. Nxf5 Bxf5 27. Rf1 Kg7 28. Rxf5 Qxf5 29. Qxf5 Rxf5 30. Rxf5 Kg6 31. Rf2 Rxc4 32. h3 Rc5 33. e4 Rc4 34. Re2 Kf6 35. Kf2 Ke5 36. Kf3 h5 37. Re1 Ra4 38. a3 Rd4 39. Rc1 Rd3+ 40. Ke2 Rb3 41. Rxc7 Kxe4 42. Rg7 Rxb2+ 43. Kf1 b5 44. Rxg5 a4 45. Rxh5 b4 46. Rh4+ Kd3 47. Kg1 b3 48. Rxa4 Ra2 49. Kh2 b2 50. Rb4 Kc3 51. h4 Rxa3 52. Rxb2 Kxb2 53. g4 Kc3 54. g5 Kd4 0-1

[Event "GER-ch 2013-F-V8 serv"]
[Site "GER email"]
[Date "2013.12.23"]
[Round "?"]
[White "Roeckendorf, Paul Uwe"]
[Black "Schulze, Guenter"]
[Result "1-0"]
[WhiteElo "2126"]
[BlackElo "1918"]
[PlyCount "115"]
[EventDate "2013.12.31"]
[EventType "tourn (corr)"]
[EventRounds "6"]
[EventCountry "GER"]
[SourceTitle "Corr 2015"]
[Source "ChessBase"]
[SourceDate "2015.07.17"]
[SourceVersion "1"]
[SourceVersionDate "2015.07.17"]
[SourceQuality "1"]

1. e4 c5 2. Nf3 Nc6 3. d4 cxd4 4. Nxd4 Nf6 5. Nc3 e5 6. Ndb5 d6 7. Bg5 a6 8. Na3 b5 9. Nd5 Be7 10. Bxf6 Bxf6 11. c3 0-0 12. Nc2 Bg5 13. a4 bxa4 14. Rxa4 a5 15. Bc4 Ne7 16. 0-0 Nxd5 17. Bxd5 Bd7 18. Ra2 Rc8 19. Qd3 a4 20. Na3 Rb8 21. Nc4 Bb5 22. Rfa1 Qd7 23. Qd1 Kh8 24. Rxa4 Bxa4 25. Qxa4 Rfd8 26. b4 g6 27. Qxd7 Rxd7 28. Bc6 Rdd8 29. g3 f5 30. f3 h5 31. Ra7 fxe4 32. fxe4 Rf8 33. Kg2 Rf6 34. h4 Bh6 35. b5 Rbf8 36. b6 Rf2+ 37. Kh3 Rf1 38. Ra2 Rh1+ 39. Kg2 Rc1 40. b7 Rxc3 41. Ra8 Rb3 42. Nxd6 Rb2+ 43. Kh3 Kh7 44. Rxf8 Bxf8 45. Nb5 Rxb5 46. Bxb5 Bd6 47. Kg2 g5 48. Kf3 Kg7 49. Ke3 Kf7 50. Bc4+ Kf6 51. Be2 g4 52. Kd3 Ke7 53. Kc4 Kd7 54. Kd5 Bb8 55. Bb5+ Kc7 56. Be8 Kxb7 57. Bxh5 Kc7 58. Ke6 1-0

[Event "GER-ch 2013-D-V4 serv"]
[Site "GER email"]
[Date "2013.10.08"]
[Round "?"]
[White "Hempel, Reinhard"]
[Black "Schulze, Guenter"]
[Result "0-1"]
[WhiteElo "1977"]
[BlackElo "1918"]
[PlyCount "34"]
[EventDate "2013.10.20"]
[EventType "tourn (corr)"]
[EventRounds "6"]
[EventCountry "GER"]
[SourceTitle "Corr 2015"]
[Source "ChessBase"]
[SourceDate "2015.07.17"]
[SourceVersion "1"]
[SourceVersionDate "2015.07.17"]
[SourceQuality "1"]

1. c4 Nf6 2. g3 e5 3. Bg2 Bc5 4. Nc3 0-0 5. d3 Nc6 6. e3 d6 7. Nge2 a6 8. 0-0 Rb8 9. a3 Ba7 10. b4 Bg4 11. h3 Be6 12. Nd5 Bd7 13. Nxf6+ Qxf6 14. Nc3 Qh6 15. h4 Ne7 16. d4 Qe6 17. b5 Qxc4 0-1

[Event "GER-ch 2013-D-V4 serv"]
[Site "GER email"]
[Date "2013.10.08"]
[Round "?"]
[White "Poulheim, Karl Friedrich"]
[Black "Schulze, Guenter"]
[Result "1/2-1/2"]
[WhiteElo "2114"]
[BlackElo "1918"]
[PlyCount "77"]
[EventDate "2013.10.20"]
[EventType "tourn (corr)"]
[EventRounds "6"]
[EventCountry "GER"]
[SourceTitle "Corr 2015"]
[Source "ChessBase"]
[SourceDate "2015.07.17"]
[SourceVersion "1"]
[SourceVersionDate "2015.07.17"]
[SourceQuality "1"]

1. e4 c5 2. Nf3 Nc6 3. d4 cxd4 4. c3 dxc3 5. Nxc3 e6 6. Bc4 d6 7. Bf4 Nf6 8. Qe2 a6 9. 0-0-0 b5 10. e5 bxc4 11. exf6 Qxf6 12. Nd5 Qd8 13. Rhe1 Ne7 14. Nc3 Ng6 15. Bg3 Be7 16. h4 h5 17. Ne5 Nxe5 18. Bxe5 0-0 19. Qxh5 f6 20. Bd4 Rb8 21. f4 d5 22. g3 Qc7 23. Qg6 Bd6 24. h5 Qf7 25. Rd2 Bd7 26. Rh2 Rfe8 27. Rf1 e5 28. fxe5 Bxe5 29. Rh4 Bc6 30. Qg4 Qb7 31. Rh2 Qd7 32. Qh4 Qd6 33. h6 Bxd4 34. Qxd4 Qxg3 35. Rd2 Qe3 36. hxg7 Qxd4 37. Rxd4 Kxg7 38. Nxd5 Bxd5 39. Rxd5 1/2-1/2

[Event "GER-ch 2013-D-V4 serv"]
[Site "GER email"]
[Date "2013.10.08"]
[Round "?"]
[White "Schulze, Guenter"]
[Black "Haumann, Joachim"]
[Result "1/2-1/2"]
[WhiteElo "1918"]
[BlackElo "2073"]
[PlyCount "59"]
[EventDate "2013.10.20"]
[EventType "tourn (corr)"]
[EventRounds "6"]
[EventCountry "GER"]
[SourceTitle "Corr 2015"]
[Source "ChessBase"]
[SourceDate "2015.07.17"]
[SourceVersion "1"]
[SourceVersionDate "2015.07.17"]
[SourceQuality "1"]

1. c4 c5 2. Nc3 Nf6 3. Nf3 Nc6 4. d4 cxd4 5. Nxd4 e6 6. a3 Be7 7. e3 0-0 8. Be2 d5 9. cxd5 Nxd4 10. Qxd4 Nxd5 11. e4 Nxc3 12. Qxc3 b6 13. 0-0 Bb7 14. Rd1 Qe8 15. e5 Rd8 16. Rxd8 Qxd8 17. Qg3 Bh4 18. Qf4 h6 19. Be3 Bg5 20. Qg3 Bxe3 21. Qxe3 Qg5 22. Qxg5 hxg5 23. Rc1 Rd8 24. Rc7 Rd2 25. Rxb7 Rxe2 26. g3 Rxb2 27. Rxa7 Rb5 28. Rb7 Rxe5 29. Rxb6 Ra5 30. Rb3 1/2-1/2

[Event "GER-ch 2013-C-V9 serv"]
[Site "GER email"]
[Date "2013.06.17"]
[Round "?"]
[White "Loeffler, Werner"]
[Black "Schulze, Guenter"]
[Result "1-0"]
[WhiteElo "2051"]
[BlackElo "1935"]
[PlyCount "125"]
[EventDate "2013.06.20"]
[EventType "tourn (corr)"]
[EventRounds "6"]
[EventCountry "GER"]
[SourceTitle "Corr 2015"]
[Source "ChessBase"]
[SourceDate "2015.07.17"]
[SourceVersion "1"]
[SourceVersionDate "2015.07.17"]
[SourceQuality "1"]

1. Nf3 d5 2. g3 c5 3. Bg2 f6 4. d4 cxd4 5. Nxd4 e5 6. Nb3 Ne7 7. 0-0 Nbc6 8. Nc3 d4 9. Ne4 f5 10. Nec5 a5 11. a4 e4 12. e3 dxe3 13. Qe2 exf2+ 14. Rxf2 Ng6 15. Nxe4 fxe4 16. Bxe4 Be7 17. Qh5 Nce5 18. Be3 Qd7 19. Rf5 Nc4 20. Bc5 Nd6 21. Rd1 Ra6 22. Ba3 Nxe4 23. Rxd7 Bxd7 24. Re5 Re6 25. Rxe6 Bxe6 26. Qb5+ Kf7 27. Qxb7 Nf6 28. Nd4 Bd5 29. Qc7 Ra8 30. Bxe7 Nxe7 31. Nf5 Nfg8 32. Qe5 g6 33. Qg7+ Ke8 34. Nd6+ Kd7 35. Nb5 Rc8 36. c3 h5 37. Qd4 Ke6 38. Qb6+ Nc6 39. c4 Be4 40. Na7 Nge7 41. Nxc8 Nxc8 42. Qe3 Ke5 43. Kf2 N8e7 44. b3 Nf5 45. Qg5 Kd4 46. Qxg6 Kc3 47. c5 Nb4 48. Qe6 Kd4 49. Qf6+ Kd3 50. Qf7 Kd4 51. Qxh5 Nd3+ 52. Ke2 Nc1+ 53. Ke1 Nd3+ 54. Kd2 Nxc5 55. Qh8+ Kd5 56. Qd8+ Kc6 57. Kc3 Nb7 58. Qe8+ Kd5 59. h4 Nbd6 60. Qd8 Ke6 61. g4 Ne3 62. g5 Nd5+ 63. Kb2 1-0

[Event "GER-ch 2013-C-V9 serv"]
[Site "GER email"]
[Date "2013.06.17"]
[Round "?"]
[White "Schulze, Guenter"]
[Black "Reinecke, Rudolf"]
[Result "1/2-1/2"]
[WhiteElo "1935"]
[BlackElo "2059"]
[PlyCount "48"]
[EventDate "2013.06.20"]
[EventType "tourn (corr)"]
[EventRounds "6"]
[EventCountry "GER"]
[SourceTitle "Corr 2015"]
[Source "ChessBase"]
[SourceDate "2015.07.17"]
[SourceVersion "1"]
[SourceVersionDate "2015.07.17"]
[SourceQuality "1"]

1. c4 e5 2. Nc3 Nf6 3. Nf3 Nc6 4. e4 Bb4 5. d3 d6 6. Be2 0-0 7. 0-0 Bc5 8. a3 a5 9. Bg5 h6 10. Be3 Re8 11. Nxe5 Nxe5 12. d4 Nfg4 13. Bf4 Ng6 14. Bg3 Bb6 15. Bxg4 Bxg4 16. Qxg4 Bxd4 17. Rac1 Re6 18. Rfd1 Ne5 19. Qh5 Nc6 20. Qd5 Bb6 21. Na4 Nd4 22. Nxb6 Ne2+ 23. Kf1 c6 24. Qd2 Nxg3+ 1/2-1/2

[Event "GER-ch 2013-B-V7 serv"]
[Site "GER email"]
[Date "2013.04.23"]
[Round "?"]
[White "Draeger, Wolfgang"]
[Black "Schulze, Guenter"]
[Result "0-1"]
[WhiteElo "2138"]
[BlackElo "1918"]
[PlyCount "126"]
[EventDate "2013.05.01"]
[EventType "tourn (corr)"]
[EventRounds "6"]
[EventCountry "GER"]
[SourceTitle "Corr 2015"]
[Source "ChessBase"]
[SourceDate "2015.07.17"]
[SourceVersion "1"]
[SourceVersionDate "2015.07.17"]
[SourceQuality "1"]

1. d4 Nf6 2. c4 e6 3. Nc3 Bb4 4. e3 0-0 5. Bd3 d5 6. Nf3 c5 7. 0-0 dxc4 8. Bxc4 cxd4 9. exd4 a6 10. a3 Bxc3 11. bxc3 Qc7 12. Qe2 b5 13. Bd3 Qxc3 14. Bd2 Qc7 15. Rfc1 Qd8 16. a4 bxa4 17. Rxa4 Bb7 18. Rb4 Bxf3 19. Qxf3 Qd5 20. Be2 Nbd7 21. Qd3 Rfd8 22. h3 e5 23. Qb1 Qd6 24. Qa1 Re8 25. Bf1 Nb6 26. Qb2 Nfd5 27. dxe5 Rxe5 28. Rb3 Ree8 29. g3 Nd7 30. Bg2 N7f6 31. Rd3 Rab8 32. Qd4 Rb5 33. g4 h6 34. h4 h5 35. gxh5 Qe5 36. h6 Qxd4 37. Rxd4 gxh6 38. Bxh6 a5 39. Bd2 Nb4 40. Rc3 Ree5 41. Rg3+ Kh7 42. Bf3 Re6 43. Rg5 Rxg5+ 44. hxg5 Ne8 45. Rf4 f6 46. Be4+ Kg7 47. Bc3 Na2 48. Ba1 Nb4 49. Kg2 Kf8 50. gxf6 Nd6 51. Bg6 Nd5 52. Rf3 Ne8 53. Bxe8 Rxe8 54. f7 Ra8 55. Be5 Ne7 56. Bd6 Rd8 57. Bc5 Rc8 58. Rf5 a4 59. Kg3 Rd8 60. Kf4 Ra8 61. Ba3 Rb8 62. Ke4 Ra8 63. Rf4 Ra7 0-1

[Event "GER-ch 2013-B-V7 serv"]
[Site "GER email"]
[Date "2013.04.23"]
[Round "?"]
[White "Schulze, Guenter"]
[Black "Ludwig, Christoph"]
[Result "0-1"]
[WhiteElo "1931"]
[BlackElo "2080"]
[PlyCount "140"]
[EventDate "2013.05.01"]
[EventType "tourn (corr)"]
[EventRounds "6"]
[EventCountry "GER"]
[SourceTitle "Corr 2015"]
[Source "ChessBase"]
[SourceDate "2015.07.17"]
[SourceVersion "1"]
[SourceVersionDate "2015.07.17"]
[SourceQuality "1"]

1. c4 Nf6 2. d4 e6 3. Nc3 Bb4 4. Bd2 0-0 5. e3 b6 6. Nf3 Bb7 7. Bd3 d5 8. cxd5 exd5 9. 0-0 Bd6 10. Qc2 c5 11. dxc5 bxc5 12. Nb5 Be7 13. Rfd1 Nbd7 14. Nc3 Bd6 15. Nb5 Bb8 16. b4 c4 17. Bf5 a6 18. Nbd4 Ne4 19. Be1 Ndf6 20. a4 Qe7 21. b5 g6 22. Bh3 axb5 23. axb5 Rxa1 24. Rxa1 Nc5 25. Bb4 Nfe4 26. g3 Bd6 27. Bf1 Qf6 28. Ra7 Re8 29. Bxc5 Nxc5 30. Bg2 Bc7 31. Ra2 Bb6 32. h3 Ne4 33. Qc1 Kg7 34. Qa1 Kg8 35. Qc1 Bc8 36. Qa1 Kg7 37. Ra8 Bd7 38. Rxe8 Bxe8 39. Qa2 Bd7 40. h4 h5 41. Qa8 Nc3 42. Qb7 Bg4 43. Qc6 Qxc6 44. bxc6 Kf6 45. Kf1 Bc7 46. Ne1 Ke5 47. f3 Bc8 48. Nec2 Kd6 49. Ke1 Kc5 50. Kf2 Nb5 51. g4 Bd8 52. g5 Nxd4 53. Nxd4 Bc7 54. Bf1 Be5 55. Ne2 Kxc6 56. Ke1 Kc5 57. f4 Bg7 58. Kd2 d4 59. exd4+ Bxd4 60. Nc3 Be6 61. Bg2 Kb4 62. Ne2 c3+ 63. Kd3 Bc4+ 64. Kxd4 Bxe2 65. Be4 Bd1 66. f5 gxf5 67. Bxf5 c2 68. Bxc2 Bxc2 69. Ke5 Kc4 70. Kf6 Bg6 0-1

[Event "GER-ch 2013-A-V3 serv"]
[Site "GER email"]
[Date "2013.02.16"]
[Round "?"]
[White "Scharf, Wolfgang"]
[Black "Schulze, Guenter"]
[Result "0-1"]
[WhiteElo "2011"]
[BlackElo "1935"]
[PlyCount "100"]
[EventDate "2013.02.25"]
[EventType "tourn (corr)"]
[EventRounds "6"]
[EventCountry "GER"]
[SourceTitle "Corr 2015"]
[Source "ChessBase"]
[SourceDate "2015.07.17"]
[SourceVersion "1"]
[SourceVersionDate "2015.07.17"]
[SourceQuality "1"]

1. d4 Nf6 2. c4 e6 3. Nf3 d5 4. Nc3 Bb4 5. e3 0-0 6. Bd3 c5 7. 0-0 dxc4 8. Bxc4 cxd4 9. exd4 a6 10. a3 Bxc3 11. bxc3 Qc7 12. Qe2 b5 13. Bd3 Qxc3 14. Bd2 Qc7 15. Rac1 Qd8 16. Bb4 Re8 17. Rfd1 Bb7 18. h3 Nc6 19. Bc5 Rc8 20. Bc2 Qd5 21. a4 b4 22. Qf1 a5 23. Qb5 Rb8 24. Qf1 Ne7 25. Re1 Qd8 26. Ne5 Ned5 27. f3 Nc3 28. Qd3 Bd5 29. Kh1 g6 30. Qe3 Rb7 31. Ra1 Nd7 32. Nxd7 Qxd7 33. Rec1 Reb8 34. Re1 Bc6 35. Rec1 Bxa4 36. Bd3 Ra8 37. Qe1 Nd5 38. Be4 Bc6 39. Qd2 Rbb8 40. Bxd5 Bxd5 41. Rcb1 Qc7 42. Ra4 Bc6 43. Raa1 b3 44. Qb2 a4 45. Rc1 Qg3 46. Rc3 Bd5 47. Re3 Rc8 48. Re2 h5 49. Kg1 g5 50. Rf2 g4 0-1

[Event "GER-ch 2013-E-V1 serv"]
[Site "GER email"]
[Date "2013.??.??"]
[Round "?"]
[White "Grehling, Martin"]
[Black "Schulze, Guenter"]
[Result "0-1"]
[WhiteElo "1568"]
[BlackElo "1935"]
[PlyCount "104"]
[EventDate "2013.11.15"]
[EventType "tourn (corr)"]
[EventRounds "6"]
[EventCountry "GER"]
[SourceTitle "Corr 2015"]
[Source "ChessBase"]
[SourceDate "2015.07.17"]
[SourceVersion "1"]
[SourceVersionDate "2015.07.17"]
[SourceQuality "1"]

1. d4 Nf6 2. c4 e6 3. g3 Bb4+ 4. Bd2 Qe7 5. Bg2 0-0 6. e4 e5 7. dxe5 Bxd2+ 8. Nxd2 Qxe5 9. Rb1 d6 10. b4 a5 11. b5 Nbd7 12. Ngf3 Qc5 13. Qc2 a4 14. 0-0 Re8 15. Qd3 Ne5 16. Qc3 Nxf3+ 17. Bxf3 Be6 18. Rfe1 Nd7 19. Re3 Ne5 20. Be2 Bg4 21. Kg2 Bxe2 22. Rxe2 Nd7 23. Re3 Re7 24. Rbe1 Rae8 25. Qc2 Nb6 26. Qd3 Re6 27. f4 h5 28. Kf3 h4 29. g4 Rf6 30. f5 Nd7 31. Qe2 Ne5+ 32. Kg2 Rh6 33. g5 Rh7 34. Rh3 g6 35. Kh1 Rh5 36. Rg1 c6 37. bxc6 bxc6 38. Rc3 Qd4 39. Ra3 Ra8 40. h3 Qc5 41. Rc3 Qd4 42. Rc2 Re8 43. Nb1 Qd3 44. Qxd3 Nxd3 45. Rd2 Nc5 46. Nc3 gxf5 47. Rxd6 Nxe4 48. Nxe4 fxe4 49. Rxc6 e3 50. Rb6 Kg7 51. Rb5 e2 52. Re1 Re3 0-1

[Event "GER-ch 2012-A-V1 serv"]
[Site "GER email"]
[Date "2013.??.??"]
[Round "?"]
[White "Traut, Werner"]
[Black "Schulze, Guenter"]
[Result "1-0"]
[WhiteElo "2139"]
[BlackElo "1964"]
[PlyCount "111"]
[EventDate "2012.03.19"]
[EventType "tourn (corr)"]
[EventRounds "6"]
[EventCountry "GER"]
[SourceTitle "Corr 2015"]
[Source "ChessBase"]
[SourceDate "2015.07.17"]
[SourceVersion "1"]
[SourceVersionDate "2015.07.17"]
[SourceQuality "1"]

1. e4 c6 2. d4 d5 3. Nc3 dxe4 4. Nxe4 Nf6 5. Nxf6+ exf6 6. c3 Bd6 7. Bd3 0-0 8. Ne2 Qc7 9. Qc2 h6 10. Be3 Re8 11. 0-0-0 b5 12. Kb1 Be6 13. Ng3 Nd7 14. Nf5 Bf8 15. h4 Qa5 16. a3 b4 17. cxb4 Qd5 18. b3 a5 19. Be4 Bxf5 20. Bxf5 Nb6 21. Rc1 a4 22. Bh7+ Kh8 23. Bd3 axb3 24. Qxc6 b2 25. Rc4 Qd8 26. Kxb2 Nxc4+ 27. Qxc4 Qd7 28. Rc1 Rec8 29. Qb3 Rxc1 30. Kxc1 f5 31. g3 Kg8 32. Bc2 h5 33. a4 g6 34. b5 Bg7 35. d5 Qb7 36. Qd3 Rc8 37. b6 Qd7 38. Qb3 Be5 39. Bd2 Qb7 40. Kd1 Bd4 41. a5 Bxf2 42. Bd3 Rd8 43. Bc4 Qe7 44. b7 Ba7 45. a6 Qc5 46. Kc2 Kh7 47. Qb4 Qd4 48. Bb3 Qe5 49. Qf4 Qe8 50. Bc4 Kg8 51. Kb3 Qe7 52. Bc3 Kh7 53. Qe5 Qf8 54. Bb4 Qg8 55. Be7 Rb8 56. Qf6 1-0

[Event "GER-ch 2012-F-V5 serv"]
[Site "GER email"]
[Date "2012.11.05"]
[Round "?"]
[White "Bars, Joachim"]
[Black "Schulze, Guenter"]
[Result "1/2-1/2"]
[WhiteElo "2167"]
[BlackElo "2002"]
[PlyCount "143"]
[EventDate "2012.11.19"]
[EventType "tourn (corr)"]
[EventRounds "6"]
[EventCountry "GER"]
[SourceTitle "Corr 2015"]
[Source "ChessBase"]
[SourceDate "2015.07.17"]
[SourceVersion "1"]
[SourceVersionDate "2015.07.17"]
[SourceQuality "1"]

1. d4 Nf6 2. c4 e6 3. Nf3 d5 4. Nc3 Bb4 5. e3 0-0 6. Bd3 c5 7. 0-0 dxc4 8. Bxc4 Nbd7 9. Qe2 cxd4 10. exd4 Bxc3 11. bxc3 Qc7 12. Ba3 Re8 13. Rac1 a6 14. Bd3 b5 15. Ne5 Bb7 16. c4 Qa5 17. Qb2 bxc4 18. Nxc4 Qb5 19. Qd2 Qd5 20. Ne3 Qh5 21. f3 a5 22. Rc7 Ba6 23. Bxa6 Rxa6 24. Rb1 Rb6 25. Rbc1 Rbb8 26. Nc4 Ra8 27. h3 a4 28. Kh2 Red8 29. Be7 Re8 30. Bxf6 Nxf6 31. Ne5 Rf8 32. R1c5 Nd5 33. Nd7 Rfe8 34. Nb6 Rad8 35. Ra7 Qg6 36. Nxd5 exd5 37. Rxa4 Qd6+ 38. Kg1 Re6 39. Rb4 Rde8 40. Rb1 h6 41. Rc2 Qg3 42. Rf1 Rg6 43. Kh1 Rge6 44. Qf2 Qd6 45. Qd2 Qa6 46. Ra1 Re2 47. Qd1 R2e3 48. a4 Qa5 49. Rcc1 Re2 50. Qd3 Re1+ 51. Rxe1 Rxe1+ 52. Rxe1 Qxe1+ 53. Kh2 Qa1 54. Qb5 Qxd4 55. Qe8+ Kh7 56. Qxf7 Qe5+ 57. f4 Qe4 58. a5 d4 59. Qf8 d3 60. a6 d2 61. a7 d1Q 62. a8Q Qxa8 63. Qxa8 Qd4 64. Qf3 g6 65. Qb7+ Kg8 66. Kg3 g5 67. Qf3 gxf4+ 68. Qxf4 Qd3+ 69. Kh2 Kh7 70. h4 Kg6 71. Qe5 Qf5 72. Qe8+ 1/2-1/2

[Event "GER-ch 2012-C-V4 serv"]
[Site "GER email"]
[Date "2012.07.06"]
[Round "?"]
[White "Schulze, Guenter"]
[Black "Lelgemann, Ludwig"]
[Result "0-1"]
[WhiteElo "2002"]
[BlackElo "2023"]
[PlyCount "162"]
[EventDate "2012.07.12"]
[EventType "tourn (corr)"]
[EventRounds "6"]
[EventCountry "GER"]
[SourceTitle "Corr 2015"]
[Source "ChessBase"]
[SourceDate "2015.07.17"]
[SourceVersion "1"]
[SourceVersionDate "2015.07.17"]
[SourceQuality "1"]

1. d4 d5 2. Nf3 Nf6 3. e3 e6 4. c4 c5 5. cxd5 exd5 6. Bb5+ Nc6 7. 0-0 Bd6 8. dxc5 Bxc5 9. b3 0-0 10. Bb2 Bd6 11. Nbd2 Bf5 12. Nh4 Be6 13. Rc1 Rc8 14. Nhf3 Qe7 15. Bxc6 bxc6 16. Qc2 Bd7 17. Rfd1 Rfe8 18. h3 c5 19. Qd3 Bc6 20. Nh4 Qe6 21. Nf5 Bf8 22. Ng3 Bb7 23. Qb5 Ba8 24. Qd3 Bc6 25. Qf5 Qxf5 26. Nxf5 Nd7 27. Ng3 a5 28. Nb1 a4 29. bxa4 Ra8 30. Nc3 Nb6 31. Nge2 Red8 32. Ba1 Nxa4 33. Nxa4 Rxa4 34. Rd2 Rda8 35. Nc3 Rc4 36. Rcd1 Rd8 37. a4 d4 38. exd4 cxd4 39. Nb5 d3 40. Nc3 Rcd4 41. a5 Bb7 42. Nb1 Re4 43. Rb2 Ba6 44. Rb6 Re6 45. Rxe6 fxe6 46. Bc3 Rc8 47. Rd2 Kf7 48. Rb2 Be7 49. Rb6 Bc4 50. Bd2 Kg6 51. Rb7 Bf6 52. Na3 Bd5 53. Rb1 Be7 54. Ra1 Bb7 55. f3 Ba6 56. Kf2 Bh4+ 57. g3 Be7 58. Nb1 Rc2 59. Ke1 Bd6 60. f4 e5 61. Ra4 Bb5 62. Ra1 e4 63. Na3 Bxa3 64. Rxa3 e3 65. Bxe3 Re2+ 66. Kd1 Rxe3 67. a6 Bc6 68. a7 Ba8 69. g4 Rxh3 70. Ra6+ Kf7 71. Kd2 Rh4 72. Rd6 Ke7 73. Rb6 Rh2+ 74. Kxd3 Ra2 75. Rb5 Rxa7 76. Re5+ Kd6 77. g5 Bd5 78. Kd4 Ra4+ 79. Ke3 g6 80. Re8 Ra8 81. Re5 Rf8 0-1